[Event "Barcelona Tres Peons op 49th"]
[Site "Barcelona"]
[Date "2020.02.07"]
[Round "5"]
[White "Donadeu Buitrago, Jordi"]
[Black "Martinez Torras, Pol"]
[Result "0-1"]
[WhiteElo "1519"]
[BlackElo "1681"]
[PlyCount "92"]
[EventDate "2020.01.10"]
[EventType "swiss"]
[EventRounds "8"]
[EventCountry "ESP"]
[SourceTitle "CBM 195 Extra"]
[Source "ChessBase"]
[SourceDate "2020.05.31"]
[SourceVersion "1"]
[SourceVersionDate "2020.05.31"]
[SourceQuality "1"]

1. e4 c6 2. d4 d5 3. Nc3 dxe4 4. Nxe4 Bf5 5. Ng3 Bg6 6. Nf3 Nd7 7. Bc4 e6 8. 0-0 Ngf6 9. Nh4 Be7 10. c3 0-0 11. Nxg6 hxg6 12. Bg5 a5 13. a4 c5 14. dxc5 Nxc5 15. Qc2 Qc7 16. Ba2 Na6 17. Qe2 Qc6 18. Rfe1 Nc5 19. Bc4 Nxa4 20. Bb5 Nxc3 21. bxc3 Qxc3 22. Ne4 Qc7 23. Nxf6+ gxf6 24. Be3 Bb4 25. Bd2 Bxd2 26. Qxd2 Rfd8 27. Qe2 Rac8 28. Red1 Kg7 29. Rxd8 Rxd8 30. g3 Qc3 31. Ra4 Qc1+ 32. Kg2 Rd1 33. Rxa5 Rg1+ 34. Kh3 Qh6+ 35. Kg4 Qh5+ 36. Kf4 Qg5+ 37. Kf3 Qh5+ 38. Ke3 Qc5+ 39. Kd3 Qb4 40. Qd2 Qd6+ 41. Ke2 Qe5+ 42. Kf3 Qh5+ 43. Ke3 Rd1 44. Qe2 Qc5+ 45. Ke4 Rd4+ 46. Ke3 Ra4+ 0-1

[Event "Barcelona 150 aniversity 3"]
[Site "Barcelona"]
[Date "2019.05.31"]
[Round "6.2"]
[White "Donadeu Buitrago, Jordi"]
[Black "Bassand, Dominique"]
[Result "1-0"]
[WhiteElo "1700"]
[BlackElo "1700"]
[PlyCount "67"]
[EventDate "2019.04.26"]
[EventType "swiss"]
[EventRounds "9"]
[EventCountry "ESP"]
[SourceTitle "EXT 2024"]
[Source "ChessBase"]
[SourceDate "2023.10.10"]
[SourceVersion "1"]
[SourceVersionDate "2023.10.10"]
[SourceQuality "1"]

1. e4 d5 2. exd5 Qxd5 3. Nf3 Qa5 4. Bc4 c6 5. 0-0 Nf6 6. d3 Bg4 7. Bd2 Qc7 8. Bc3 e6 9. Nbd2 Bd6 10. Qe1 Nbd7 11. h3 Bxf3 12. Nxf3 0-0-0 13. b4 Kb8 14. a4 Rhg8 15. Bd2 h5 16. b5 g5 17. Nxg5 Rg7 18. f4 Rdg8 19. Kh1 h4 20. Qxh4 Nc5 21. g4 Qd8 22. bxc6 Rh8 23. Qf2 Nxg4 24. Qg2 Nh6 25. d4 f6 26. dxc5 Bxc5 27. Rad1 fxg5 28. Bc3 Qe7 29. Rd7 gxf4 30. Bxg7 Qh4 31. Rxb7+ Kc8 32. Bxe6+ Kd8 33. Rd1+ Ke8 34. Qg6+ 1-0

[Event "Barcelona 150 aniversity 3"]
[Site "Barcelona"]
[Date "2019.05.24"]
[Round "5.3"]
[White "Molina Tabernero, Jordi"]
[Black "Donadeu Buitrago, Jordi"]
[Result "0-1"]
[WhiteElo "1462"]
[BlackElo "1700"]
[PlyCount "128"]
[EventDate "2019.04.26"]
[EventType "swiss"]
[EventRounds "9"]
[EventCountry "ESP"]
[SourceTitle "EXT 2024"]
[Source "ChessBase"]
[SourceDate "2023.10.10"]
[SourceVersion "1"]
[SourceVersionDate "2023.10.10"]
[SourceQuality "1"]

1. d4 d5 2. Bf4 Bf5 3. e3 Nf6 4. Nf3 e6 5. c4 c6 6. a3 Qb6 7. b4 h6 8. c5 Qd8 9. Nbd2 Nbd7 10. h3 a6 11. Ne5 Nxe5 12. Bxe5 Nd7 13. Bh2 Be7 14. Nf3 Bf6 15. Bd3 Be4 16. Bxe4 dxe4 17. Nd2 e5 18. Nxe4 exd4 19. Nd6+ Kf8 20. exd4 Qe7+ 21. Qe2 Bxd4 22. Qxe7+ Kxe7 23. Nf5+ Kf6 24. Nxd4 Rhe8+ 25. Kd2 Rad8 26. Bg3 Nxc5 27. Bh4+ g5 28. Bxg5+ hxg5 29. bxc5 Rxd4+ 30. Kc3 Red8 31. g3 Rd2 32. f4 R2d3+ 33. Kc2 Rxg3 34. fxg5+ Rxg5 35. Rhf1+ Kg6 36. Rf2 Rxc5+ 37. Kb2 f5 38. Rg2+ Kf6 39. Rag1 Rb5+ 40. Ka2 Rh8 41. Rg6+ Ke5 42. R1g3 Rh4 43. Rg7 Kd6 44. Rc3 a5 45. Rg6+ Kc7 46. Rg5 Kb6 47. a4 Rxa4+ 48. Ra3 Rh4 49. Rb3 Rxb3 50. Kxb3 Rxh3+ 51. Kc4 f4 52. Rg2 f3 53. Rb2+ Ka6 54. Kc5 Rg3 55. Kd6 Rg2 56. Rb1 Rc2 57. Kc7 b5 58. Rd1 f2 59. Rd8 b4 60. Rb8 a4 61. Rxb4 f1Q 62. Rxa4+ Kb5 63. Re4 Qf7+ 64. Kc8 Qf5+ 0-1